Antenna theory and design / (Record no. 148689)

MARC details
000 -LEADER
campo de control de longitud fija 00505nam a2200169 4500
001 - NÚMERO DE CONTROL
campo de control 148689
003 - IDENTIFICADOR DE NÚMERO DE CONTROL
campo de control ES-MaACL
005 - FECHA Y HORA DE LA ÚLTIMA TRANSACCIÓN
campo de control 20230906202750.0
007 - CAMPO FIJO DE DESCRIPCIÓN FÍSICA--INFORMACIÓN GENERAL
campo de control de longitud fija t|
008 - DATOS DE LONGITUD FIJA--INFORMACIÓN GENERAL
campo de control de longitud fija 070214s1981 xxu r ||||1| eng d
100 1# - ENTRADA PRINCIPAL--NOMBRE DE PERSONA
Nombre de persona Stutzman, Warren L.
9 (RLIN) 108525
245 10 - MENCIÓN DEL TÍTULO
Título Antenna theory and design /
Mención de responsabilidad, etc. Warren L. Stutzman, Gary A. Thiele.
260 ## - PUBLICACIÓN, DISTRIBUCIÓN, ETC.
Lugar de publicación, distribución, etc. New York [etc.] :
Nombre del editor, distribuidor, etc. John Wiley & sons,
Fecha de publicación, distribución, etc. 1981.
300 ## - DESCRIPCIÓN FÍSICA
Extensión X, 598 p. ;
Dimensiones 24 cm.
700 1# - ENTRADA AGREGADA--NOMBRE PERSONAL
Nombre de persona Thiele, Gary A.
9 (RLIN) 109939
852 ## - LOCALIZACIÓN
Ubicación ES-MaACL
Número de control de estantería L-11634
Sublocalización o colección R.113508
Holdings
Estatus retirado Estado de pérdida Estado de daño No para préstamo Biblioteca de origen Biblioteca actual Ubicación en estantería Fecha de adquisición Fuente de adquisición Total de préstamos Signatura topográfica completa Código de barras Visto por última vez Precio de reemplazo Tipo de ítem Koha
        Biblioteca del Ateneo de Madrid Biblioteca del Ateneo de Madrid Depósito 2 17/01/2008     L-11634 1155169 23/02/2023 23/02/2023 Libro impreso